Religion catholique : lieux des conciles œcuméniques - Mort subite - Statistiques

Statistiques générales
  • Ce quiz a été pris 139 fois
  • Le résultat moyen est 5 sur 12
Answers on the Grid
Answers color-coded by a green-red scale on the quiz's grid according to % correct below.
Paris
Vienne
Trente
Venise
Nicée
Constantinople
Athènes
Alexandrie
Avignon
Bénévent
Latran
Chalcédoine
Arles
Ephèse
Édesse
Lyon
Assise
Florence
Vatican
Thessalonique
Corinthe
Padoue
Ferrare
Constance
 
Statistiques - réponses
Réponse % Correct
Trente
73%
Nicée
66%
Constantinople
61%
Vatican
52%
Latran
49%
Chalcédoine
45%
Ephèse
37%
Constance
30%
Vienne
30%
Lyon
25%
Florence
22%
Ferrare
12%
Aucun quiz correspondant
Distribution des résultats
% des personnes avec chaque résultat
Percentile par nombre de réponses
Votre historique - résultats
Vous n’avez pas pris ce quiz